000 03404nam a2200301 a 4500
003 AM-YEHGA
005 20260413142957.0
008 260213s1895 enkc||||r|||| 00||0 arm|d
040 _aAM-YEHGA
041 1 _aarm
_bita
245 0 0 _aԳարիբալդի :
_bԻր կեանքի պատմութիւնը : Համաձայն վաւերական վկայութիւնների եւ անտիպ յիշողութիւնների /
_cԹարգմ. իտալ.՝ Հ. Խ; Հնչակեան Կուսակցութեան Հրատարակութիւն.
260 _aԼօնդօն :
_bտպ. Հնչակի,
_c1895.
300 _a(12 գիրք մեկ կազմի մեջ ) ; X, 177 էջ :
_bդիմանկ. ;
_c18 սմ.
440 _aԺողովրդական գրադարան
_vգրքոյկ 2
_95644
500 _aՇարվածքը՝ 14x8,5 սմ:
500 _aՇապիկին և տիտղոսաթերթին՝ զարդանախշ:
500 _aՇապիկին և տիտղոսաթերթին նշում. «Հնչակեան կուսակցութեան հրատարակութիւն»:
500 _aՇապիկի դարձերեսին՝ «Հնչակեան կուսակցութեան հրատարակութիւնների ցանկ»:
500 _aԳինն է՝ 1 ֆր. 50 սանտիմ:
500 _aԱլիգ 11
501 _aՄեկ կազմի մեջ՝ Ծրագիր սօսիալ դէմօքրաթ Հնչակեան կուսակցութեան : (Տաճկաստանի համար) / Կ. Պօլիս: Ա. հ.։ 1910։ - Ալիգ 1 ; Հողատիրական հարցեր / Ս․Ս․ Գ․։ Կ․ Պօլիս։ Ա․ հ․։ 1909։ - Ալիգ 2 ; Ծրագիր Հնչակեան կուսակցութեան ։ (Տաճկաստանի համար) / Կ․ Պօլիս։ Ա․հ․։ 1908։ - Ալիգ 3 ; Կազմական կանոնագիր Հնչակեան կուսակցութեան ։ Տաճկաստանի մասնաճիւղերու / Կ․ Պոլիս։ Ա․հ․։ 1908։ - Ալիգ 4 ; Հերդեր եւ իր քաղաքական հայեացքները / Ս. Սապահ-Գիւլեան։ Կ. Պոլիս: տպ. Տ. Տօղրամաճեան։ 1909։ - Ալիգ 5 ; Բռնութեան դէմ : Գաղատիայի դատավարութիւն / Թորոս։ Աթէնք: տպ. Հնչակի։ 1894։ - Ալիգ 6 ; Իրաւունք ծուլանալու ։ Հերքում 1848-ի «Աշխատելու օրէնքին» / Պօլ Լաֆարգ։ Աթէնք: Հայկական ազատ տպարան։ 1893։ - Ալիգ 7 ; Սահմանադրութեան էութեան մասին / Ֆ. Լասսալ։ Աթէնք: Հայկական ազատ տպարան։ 1893։ - Ալիգ 8 ; Հայերն Ամերիկայում / Ակն-եանց։ Աթէնք: տպ. Հայկական ազատ: 1893։ - Ալիգ 9 ; Ով ինչով է ապրում / Ս. Դիկշտէյն։ Լօնդօն: տպ. Հայկական ազատ։ 1891։ - Ալիգ 10 ; ممالک عثمانیه سوسیال ده موقرات هنچاقیان جمعیتی نظامنامۀ اساسیسی (Programme) / سعادت: S.n.: 1907 [1325 ه. ق]: - Ալիգ 12
600 1 4 _aԳարիբալդի, Յովսէփ
650 1 4 _aՊատմություն
_zԻտալիա
700 0 _aՀ. Խ.
_eթարգմ.
_4trl
710 2 _aՀնչակեան Կուսակցութեան Հրատարակութիւն
856 4 1 _uhttps://haygirk.nla.am/upload/1512-1940/1851-1900/garibaldi_1895.pdf
_yԿարդալ առցանց
942 _2udc
_cBK
_n0
999 _c541082
_d541082